Least developed countries in the world - Sudden death - Statistics

General Stats
  • This quiz has been taken 138 times
  • The average score is 4 of 20
Answers on the Grid
Answers color-coded by a green-red scale on the quiz's grid according to % correct below.
Afghanistan
Bangladesh
Benin
Botswana
Burkina Faso
Burundi
Central African Republic
Chad
Comoros
Djibouti
DR Congo
Eritrea
Ghana
Guinea
Guinea Bissau
Haiti
India
Liberia
Libya
Madagascar
Malawi
Mali
Mozambique
Niger
North Korea
Pakistan
Sao Tome and Principe
Sierra Leone
Somalia
South Sudan
Sudan
Yemen
 
Answer Stats
Answer % Correct
Afghanistan
62%
Burkina Faso
48%
Burundi
45%
Chad
41%
Central African Republic
34%
Mali
28%
Somalia
24%
South Sudan
21%
Benin
17%
Niger
17%
Yemen
17%
Sierra Leone
14%
Sudan
14%
Djibouti
10%
Eritrea
10%
Guinea
7%
Guinea Bissau
7%
Liberia
7%
Mozambique
7%
Madagascar
0%
No matching quizzes found
Score Distribution
Percent of People with Each Score
Percentile by Number Answered
Your Score History
You have not taken this quiz